| 000 | 01686cam a22003977i 4500 | ||
|---|---|---|---|
| 001 | data | ||
| 005 | 20260322212114.0 | ||
| 008 | data | ||
| 035 | _a18311773 | ||
| 906 |
_a7 _bcbc _ccopycat _d2 _encip _f20 _gy-gencatlg |
||
| 925 | 0 |
_aacquire _b1 shelf copy _xpolicy default |
|
| 010 | _a 2014952149 | ||
| 020 |
_a9781784713577 _qcased |
||
| 020 |
_a1784713570 _qcased |
||
| 035 | _a(OCoLC)902659945 | ||
| 040 |
_aBTCTA _beng _cBTCTA _erda _dDLC _dCSU _dCHVBK _dDLC |
||
| 042 | _alccopycat | ||
| 050 | 0 | 0 |
_aHB615 _b.D484 2015 |
| 245 | 0 | 0 |
_aDeveloping, shaping and growing entrepreneurship / _cedited by Alain Fayolle, Professor of Entrepreneurship and Director, Entrepreneurship Research Centre, EMLYON Business School, France, Paula Kyrö, Former Professor, Aalto University School of Business, Finland, Francisco Liñán, Associate Professor, University of Seville, Spain. |
| 264 | 1 |
_aNorthampton, MA, USA : _aNorthampton, MA, USA : _bEdward Elgar Publishing, _c[2015]. |
|
| 264 | 4 | _c©2015. | |
| 300 |
_aix, 370 pages : _billustrations, map ; _c24 cm. |
||
| 336 |
_atext _btxt _2rdacontent |
||
| 337 |
_aunmediated _bn _2rdamedia |
||
| 338 |
_avolume _bnc _2rdacarrier |
||
| 490 | 1 | _aEuropean research in entrepreneurship | |
| 504 | _aIncludes bibliographical references and index. | ||
| 650 | 0 | _aEntrepreneurship. | |
| 650 | 7 |
_aEntrepreneurship. _2gnd _0(DE-588)7588126-3 |
|
| 700 | 1 |
_aFayolle, Alain, _eeditor. |
|
| 700 | 1 |
_aKyrö, Paula, _d1953- _eeditor. |
|
| 700 | 1 |
_aLiñán, Francisco, _eeditor. |
|
| 710 | 2 |
_aEdward Elgar Publishing, _epublisher. |
|
| 830 | 0 | _aEuropean research in entrepreneurship. | |
| 999 |
_c1706 _d1706 |
||